Normal view MARC view
  • Kargil, History of Pakistan

Entry Topical Term

Number of records used in: 1

001 - CONTROL NUMBER

  • control field: 51837

003 - CONTROL NUMBER IDENTIFIER

  • control field: NUST

005 - DATE AND TIME OF LATEST TRANSACTION

  • control field: 20210314135102.0

008 - FIXED-LENGTH DATA ELEMENTS

  • fixed length control field: 210314|| aca||aabn | a|a d

040 ## - CATALOGING SOURCE

  • Original cataloging agency: NUST
  • Transcribing agency: NUST

150 ## - HEADING--TOPICAL TERM

  • Topical term or geographic name entry element: Kargil, History of Pakistan
  • Topical term following geographic name entry element: Urdu books

670 ## - SOURCE DATA FOUND

  • Source citation: Work cat.: (NUST): کارگل معرکہ یا پھندا, 2006.
© 2023 Central Library, National University of Sciences and Technology. All Rights Reserved.